Informe del Comité Internacional de la Cruz Roja sobre su actividad durante la segunda guerra mundial: 1§ de Septiembre de 1939 - 30 de Junio de 1947
Salvato in:
| Ente Autore: | |
|---|---|
| Natura: | Libro |
| Lingua: | spagnolo |
| Pubblicazione: |
Ginebra
Comité Internacional de la Cruz Roja
1948
|
| Soggetti: | |
| Tags: |
Aggiungi Tag
Nessun Tag, puoi essere il primo ad aggiungerne!!
|
MARC
| LEADER | 00000nam a2200000 a 4500 | ||
|---|---|---|---|
| 001 | UCT9521 | ||
| 003 | CL-VaPUC | ||
| 008 | 970404e19480000SZ |||||||||||||||||spa|d | ||
| 082 | 0 | 4 | |a 341.6 |b COM |2 21 |
| 110 | 2 | |a Comité Internacional de la Cruz Roja |e author |9 382312 | |
| 245 | 1 | 0 | |a Informe del Comité Internacional de la Cruz Roja sobre su actividad durante la segunda guerra mundial: 1§ de Septiembre de 1939 - 30 de Junio de 1947 |
| 300 | |a 3 v | ||
| 942 | |c BK | ||
| 945 | |d 19970404 00:00:00 |a lriquelm | ||
| 260 | |a Ginebra |b Comité Internacional de la Cruz Roja |c 1948 | ||
| 500 | |a v.1: Actividades de carácter general | ||
| 500 | |a v.2: Agencia central de los prisioneros de guerra | ||
| 500 | |a v.3: Acciones de socorro | ||
| 650 | 7 | |a CRUZ ROJA |2 CL-VaPUC |9 382313 | |
| 650 | 7 | |a COMITE INTERNACIONAL DE LA CRUZ ROJA |2 CL-VaPUC |9 382314 | |
| 650 | 7 | |a GUERRA MUNDIAL |2 CL-VaPUC |9 346688 | |
| 650 | 7 | |a INFORME |2 CL-VaPUC |9 382315 | |
| 650 | 0 | |a Prisioneros de guerra |9 350908 | |
| 650 | 0 | |a Derecho internacional |9 255637 | |
| 583 | |a last modification |c 20161003 01:20:41 |k Rodrigo Vera | ||
| 999 | |c 257916 |d 257914 | ||
| 952 | |0 0 |1 0 |4 0 |6 341_600000000000000_COM_1948 |7 0 |8 A |9 281635 |a BIBDER |b BIBDER |d 2019-11-19 |h v.1 |i 1822802 |o 341.6 COM 1948 |p 1822802 |r 2023-01-25 |w 2019-11-19 |y BK |k DER | ||
| 952 | |0 0 |1 0 |4 0 |6 341_600000000000000_COM_1948 |7 0 |8 A |9 281636 |a BIBDER |b BIBDER |d 2019-11-19 |h v.2 |i 1822810 |o 341.6 COM 1948 |p 1822810 |r 2023-01-25 |w 2019-11-19 |y BK |k DER | ||
| 952 | |0 0 |1 0 |4 0 |6 341_600000000000000_COM_1948 |7 0 |8 A |9 281637 |a BIBDER |b BIBDER |d 2019-11-19 |h v.3 |i 1822829 |o 341.6 COM 1948 |p 1822829 |r 2023-01-25 |w 2019-11-19 |y BK |k DER | ||